Studies in Islamic historiography : essays in honour of Professor Donald P. Little /
This book offers students and scholars an introduction to and insight into the wealth of historiographies produced in various Muslim milieus. Four articles deal with the classical period: archaeology and history in early Islamic Amman; an analysis of sources dealing with Muwaḥḥid North Africa; al-Ma...
مؤلفون آخرون: ,
التنسيق: كتاب الكتروني
اللغة: English
منشور في:
Leiden Boston :
BRILL,
2020.
سلاسل:
Culture and History of the Ancient Near East;
volume104.
الموضوعات:
الوصول للمادة أونلاين: Login to view Source
الوسوم: إضافة وسم
رقم الطلب: BP49
| LEADER | 04000cam a22004338i 4500 | ||
|---|---|---|---|
| 001 | BRILL9789004415294 | ||
| 003 | nllekb | ||
| 005 | 20211118222631.0 | ||
| 006 | m d | ||
| 007 | cr un uuuua | ||
| 008 | 191001s2020 ne o 011 0 eng | ||
| 020 | |a 9789004415294 |q (electronic book) | ||
| 020 | |z 9789004415164 |q (print) | ||
| 024 | 7 | |a 10.1163/9789004415294 |2 DOI | |
| 035 | |a (OCoLC)1112141979 (print ed.) | ||
| 040 | |a NL-LeKB |c NL-LeKB |e rda | ||
| 050 | 0 | 0 | |a BP49 |
| 072 | 7 | |a HBAH |2 bicssc | |
| 072 | 7 | |a HIS |x 016000 |2 bisacsh | |
| 082 | 0 | 0 | |a 907.2/01767 |2 23 |
| 245 | 0 | 0 | |a Studies in Islamic historiography : |b essays in honour of Professor Donald P. Little / |c edited by Sami G. Massoud. |
| 264 | 1 | |a Leiden Boston : |b BRILL, |c 2020. | |
| 300 | |a 1 online resource. | ||
| 336 | |a text |b txt |2 rdacontent | ||
| 337 | |a computer |b c |2 rdamedia | ||
| 338 | |a online resource |2 rdacarrier | ||
| 490 | 1 | |a Culture and History of the Ancient Near East; |v volume104 | |
| 500 | |a Includes index. | ||
| 505 | 0 | 0 | |t Contents -- Acknowledgments -- List of Figures and Tables -- Abbreviations -- Notes on Contributors -- Introduction -- / |r Sami G. Massoud -- part 1: Classical Historiography -- 1 Continuity and Change in Early Islamic Amman -- / |r Michael Wood -- 2 Mashriqī Historians on the Muwaḥḥid Persecution of the Jews and Christians: New Sources for an Old Debate -- / |r Heather J. Empey -- 3 al-Maqrīzī and His al-Tārīkh al-kabīr al-muqaffā li-Miṣr. Part 1: an Inquiry into the History of the Work -- / |r Frédéric Bauden -- 4 Bringing the Past Together: Ahmedi's Narrative of Ottoman History and Two Later Texts -- / |r Murat Cem Mengüç -- part 2: Sacred History -- 5 Hierohistory in Qāḍī l-Nuʿmān's Foundation of Symbolic Interpretation (Asās al-Taʾwīl): the Birth of Jesus -- / |r Shafique N. Virani -- 6 Shaping a Millennial Historiography in Persianate South Asia: the Sīrat of Bandagī Miyān Shāh ʿAbd al-Raḥmān -- / |r Derryl N. MacLean -- 7 From a Persian Barbarian to a Superior Sage to Chinese Sages: the Image of the Prophet in Ma Zhu's Shengzan -- / |r Hyondo Park -- part 3: Perspectives -- 8 The Documented Life: the Emergence of a Civil Law for Proto-Citizens in Ottoman Cairo -- / |r Reem Meshal -- 9 The Geography of Historiography: West Asia as a Sub-Region of the Indian Ocean -- / |r Patricia Risso -- Indices. |
| 520 | |a This book offers students and scholars an introduction to and insight into the wealth of historiographies produced in various Muslim milieus. Four articles deal with the classical period: archaeology and history in early Islamic Amman; an analysis of sources dealing with Muwaḥḥid North Africa; al-Maqrizī's prosopographical production; the rise of early Ottoman historiography. Three examine sacred history as historiography: in 10th century Fatimid Egypt; in the 16th century Indian Chishtī Sufi milieu; and in the Sino-Muslim Confucian tradition in Qing China. The final two articles provide fresh approaches to historiography by respectively looking into the sijils of Ottoman Cairo as historical sources and by highlighting the regional approach to the writing of the history of the Indian Ocean. Contributors: Frédéric Bauden, Heather J. Empey, Derryl MacLean, Sami G. Massoud, Murat Cem Mengüç, Reem Meshal, Hyondo Park, Patricia Risso, Shafique N. Virani and Michael Wood. | ||
| 650 | 0 | |a Islam |x Historiography. | |
| 700 | 1 | |a Little, Donald P. |q (Donald Presgrave), |e honouree. | |
| 700 | 1 | |a Massoud, Sami G., |e editor. | |
| 776 | 0 | 8 | |i Print version: |t Studies in Islamic historiography: essays in honour of Professor Donald P. Little, |d Leiden Boston: BRILL, 2020 |w 9789004415164 |
| 830 | 0 | |a Culture and History of the Ancient Near East; |v volume104. | |
| 856 | 4 | |z DOI: |u http://dx.doi.org/10.1163/9789004415294 | |
| 942 | |2 lcc |c EBOOK | ||
| 952 | |0 0 |1 0 |2 lcc |4 0 |7 1 |9 23287 |a BRILL |b BRILL |d 2021-11-18 |l 0 |r 2021-11-18 00:00:00 |w 2021-11-18 |y EBOOK | ||
| 999 | |c 40761 |d 40761 | ||
